[Event "Nordic-chT U17"]
[Site "Fredericia"]
[Date "2023.01.22"]
[Round "5.2"]
[White "Gerdes, Sebastian"]
[Black "Villumsen, Christian Gyldendal"]
[Result "1/2-1/2"]
[WhiteElo "1731"]
[BlackElo "1587"]
[PlyCount "68"]
[EventDate "2023.01.20"]
[EventType "team-tourn"]
[EventRounds "5"]
[EventCountry "DEN"]
[SourceTitle "CBM 213 Extra"]
[Source "ChessBase"]
[SourceDate "2023.05.31"]
[SourceVersion "1"]
[SourceVersionDate "2023.05.31"]
[SourceQuality "1"]
[WhiteTeam "Sweden"]
[BlackTeam "Denmark III"]
[WhiteTeamCountry "SWE"]
[BlackTeamCountry "DEN"]

1. c4 c6 2. d4 d5 3. Nc3 Nf6 4. e3 e6 5. Nf3 Nbd7 6. cxd5 cxd5 7. Bd3 a6 8. a4 Bd6 9. 0-0 0-0 10. Re1 Qe7 11. e4 dxe4 12. Nxe4 Nxe4 13. Bxe4 h6 14. Qd3 Nf6 15. Ne5 Bxe5 16. dxe5 Nxe4 17. Qxe4 Rd8 18. b3 Rb8 19. Ba3 Qg5 20. Bd6 Ra8 21. Qb4 Re8 22. a5 Bd7 23. Qxb7 Bb5 24. Rac1 Qd8 25. b4 Qd7 26. Rc7 Qd8 27. Rxf7 Qg5 28. Rc7 Rab8 29. Qf3 Rbc8 30. Qf7+ Kh8 31. f4 Rxc7 32. Qxe8+ Bxe8 33. fxg5 Rc2 34. Kf1 Bb5+ 1/2-1/2

[Event "Nordic-chT U17"]
[Site "Fredericia"]
[Date "2023.01.21"]
[Round "4.2"]
[White "Villumsen, Christian Gyldendal"]
[Black "Andries, Alf"]
[Result "0-1"]
[WhiteElo "1587"]
[BlackElo "1936"]
[PlyCount "86"]
[EventDate "2023.01.20"]
[EventType "team-tourn"]
[EventRounds "5"]
[EventCountry "DEN"]
[SourceTitle "CBM 213 Extra"]
[Source "ChessBase"]
[SourceDate "2023.05.31"]
[SourceVersion "1"]
[SourceVersionDate "2023.05.31"]
[SourceQuality "1"]
[WhiteTeam "Denmark III"]
[BlackTeam "Denmark II"]
[WhiteTeamCountry "DEN"]
[BlackTeamCountry "DEN"]

1. c4 e6 2. Nc3 d5 3. cxd5 exd5 4. g3 Nf6 5. d3 Bd6 6. Bg2 c6 7. Nf3 0-0 8. 0-0 Re8 9. Nd4 c5 10. Nb3 d4 11. Ne4 Nxe4 12. Bxe4 Qe7 13. Re1 a5 14. Bg2 a4 15. Nd2 Be6 16. Ne4 Nc6 17. Bg5 Qd7 18. Qc1 b6 19. Bh6 Be7 20. Bf4 Ra7 21. h4 Nb4 22. a3 Nc6 23. h5 Na5 24. Nd2 h6 25. Rb1 Ba2 26. Ra1 Bd5 27. Bxd5 Qxd5 28. g4 Bg5 29. Bxg5 Qxg5 30. f3 Qh4 31. Kg2 f5 32. Qd1 Rae7 33. gxf5 Qg5+ 34. Kf1 Qxf5 35. Ne4 Nb3 36. Rb1 Qf4 37. Qc2 b5 38. Rbd1 Re5 39. Kg2 Rxh5 40. Rh1 Rf5 41. Rdg1 Re6 42. Kf1 Kh7 43. Rg4 Qxg4 0-1